[Event "Tournoi Skype 013B"]
[Site "Skype"]
[Date "????.??.??"]
[Round "6.5"]
[White "Cossalter, Maurizio"]
[Black "Khatanhar, Mohit"]
[Result "1/2-1/2"]
[WhiteElo "1382"]
[BlackElo "1392"]
[PlyCount "70"]

1. Nf3 d6 2. d4 d5 3. c4 dxc4 4. Qa4+ Bd7 5. Qxc4 e6 6. e3 Nf6 7. Bd3 Bd6 8.
Nc3 Nc6 9. a3 Qe7 10. b4 a6 11. Qa2 Qd8 12. Qc2 Qc8 13. Bb2 e5 14. dxe5 Bxe5
15. Nd5 Nxd5 16. Bxe5 Nxe5 17. Nxe5 Be6 18. Rc1 c6 19. O-O Ne7 20. Rfd1 Bf5 21.
Qc4 O-O 22. Bxf5 Qxf5 23. Nd7 Rfd8 24. Nb6 Rxd1+ 25. Rxd1 Re8 26. g3 g6 27. Qc3
Nd5 28. Nxd5 cxd5 29. Qc7 Rc8 30. Qxb7 Rc2 31. Qb8+ Kg7 32. Qf4 Qh5 33. Qd4+
Kg8 34. Qxd5 Qe2 35. Qd8+ Kg7 1/2-1/2

[Event "Tournoi Skype 013B"]
[Site "Skype"]
[Date "????.??.??"]
[Round "6.6"]
[White "Gieschen, Mike"]
[Black "Steenkamp, Brandt"]
[Result "1/2-1/2"]
[WhiteElo "1466"]
[BlackElo "1332"]
[PlyCount "78"]

1. e4 e5 2. Nf3 Nc6 3. c3 Nf6 4. d4 d6 5. Nbd2 d5 6. Bd3 dxe4 7. Nxe4 Nxe4 8.
Bxe4 Bd6 9. dxe5 Bxe5 10. Qxd8+ Kxd8 11. O-O Bd6 12. Rd1 Bg4 13. Bf4 Ke7 14.
Bxd6+ cxd6 15. Re1 Kf8 16. h3 Bxf3 17. Bxf3 h5 18. Rad1 Rh6 19. b4 Nd8 20. Rd2
a6 21. Red1 Ke7 22. Re2+ Kd7 23. c4 Kc7 24. Re7+ Kc8 25. Rd5 a5 26. bxa5 h4 27.
Rb5 Ra7 28. Bg4+ Kb8 29. Rd7 Rh8 30. Rxd6 Re8 31. Kf1 Ka8 32. Bf3 Kb8 33. a6
Kc7 34. Rdb6 bxa6 35. Rb3 Re5 36. a3 Ra5 37. g3 hxg3 38. fxg3 Rxa3 39. Rxa3
Kxb6 1/2-1/2

[Event "Tournoi Skype 013B"]
[Site "Skype"]
[Date "????.??.??"]
[Round "6.7"]
[White "Picard, Mario"]
[Black "Kruzeniski, Randy"]
[Result "0-1"]
[WhiteElo "1309"]
[BlackElo "1437"]
[PlyCount "96"]

1. d4 d5 2. c4 e6 3. Nc3 Nf6 4. Bg5 Be7 5. e3 O-O 6. Nf3 c6 7. Bd3 h6 8. Bxf6
Bxf6 9. Qc2 g6 10. cxd5 cxd5 11. O-O Nc6 12. Ne2 Nb4 13. Qd2 Nxd3 14. Qxd3 b6
15. Rac1 Bb7 16. Rc2 Rc8 17. Rfc1 Rxc2 18. Rxc2 Re8 19. Qc3 Qc8 20. Qd3 Qd7 21.
Nc3 e5 22. dxe5 Bxe5 23. Nxd5 Bxd5 24. e4 Be6 25. Qxd7 Bxd7 26. Rd2 Bc6 27.
Nxe5 Rxe5 28. Rd8+ Kg7 29. f3 Rc5 30. h3 Bb5 31. Ra8 a5 32. Rb8 Rc6 33. e5 Bc4
34. b3 Bd3 35. f4 Be4 36. g4 Rc1+ 37. Kh2 Rc2+ 38. Kg3 Rxa2 39. Rxb6 Rg2+ 40.
Kh4 Rf2 41. f5 gxf5 42. gxf5 Rxf5 43. e6 fxe6 44. Rb7+ Bxb7 45. Kg4 Rb5 46. h4
Rxb3 47. Kf4 Kf6 48. h5 a4 0-1

[Event "Tournoi Skype 013B"]
[Site "Skype"]
[Date "????.??.??"]
[Round "6.8"]
[White "Ramirez Reina, Orlando"]
[Black "Milanese, Serge"]
[Result "0-1"]
[WhiteElo "1475"]
[BlackElo "1396"]
[PlyCount "78"]

1. e4 e5 2. Nf3 Nc6 3. Bc4 Bc5 4. c3 d6 5. d4 exd4 6. cxd4 Bb6 7. O-O Na5 8.
Bb3 Nf6 9. Bg5 Nxb3 10. Qxb3 Be6 11. d5 h6 12. Bxf6 Qxf6 13. dxe6 fxe6 14. Nbd2
Rd8 15. Qc3 e5 16. Qb3 d5 17. exd5 Qd6 18. Qb5+ c6 19. dxc6 bxc6 20. Qxe5+ Qxe5
21. Nxe5 Rxd2 22. Nxc6 Rf8 23. Rae1+ Kd7 24. Ne5+ Kc8 25. Nf3 Rxb2 26. Rc1+ Kb7
27. a4 Ra2 28. Rc4 g5 29. Rd1 Bxf2+ 30. Kf1 Ka6 31. Rd6+ Bb6 32. Rxh6 Ra1+ 33.
Ke2 Re8+ 34. Kd2 Ka5 35. Rg6 Ra2+ 36. Kd1 Rd8+ 37. Kc1 Be3+ 38. Kb1 Rxg2 39.
Rc2 Rb8+ 0-1

[Event "Tournoi Skype 013B"]
[Site "Skype"]
[Date "????.??.??"]
[Round "6.9"]
[White "Gerbaux, Regis"]
[Black "Coruble, Didier"]
[Result "1-0"]
[WhiteElo "1421"]
[BlackElo "1355"]
[PlyCount "82"]

1. c4 c5 2. e4 Nc6 3. Nf3 d6 4. d3 e5 5. h3 Be7 6. Nc3 Nf6 7. Be2 Nb4 8. a3 Nc6
9. O-O Na5 10. Qa4+ Bd7 11. Qd1 Nb3 12. Qxb3 a5 13. Bg5 Ra6 14. Bxf6 Bxf6 15.
Qc2 a4 16. Rfb1 g5 17. b4 axb3 18. Rxb3 g4 19. hxg4 Bxg4 20. Nh2 Bd7 21. Rxb7
Rg8 22. Qb1 Bh3 23. Bf3 Ra8 24. Nd5 Rc8 25. Kf1 Bd7 26. Rxd7 Qa5 27. Nxf6+ Kf8
28. Nxg8 Kxg8 29. Qe1 Qa4 30. Bd1 Qxd7 31. a4 Re8 32. a5 Re6 33. Bg4 f5 34.
Bxf5 Kf7 35. Bxe6+ Kxe6 36. a6 Qa7 37. Nf3 h6 38. Qa5 Kd7 39. Rb1 Kc8 40. Rb7
Qxb7 41. axb7+ Kb8 1-0

[Event "Tournoi Skype 013B"]
[Site "Skype"]
[Date "????.??.??"]
[Round "6.10"]
[White "Hargez, Dany"]
[Black "Sauvaget, Joel"]
[Result "0-1"]
[WhiteElo "1418"]
[BlackElo "1344"]
[PlyCount "92"]

1. e4 e5 2. Nf3 d6 3. d4 exd4 4. Nxd4 Nf6 5. Bg5 Be7 6. Nc3 O-O 7. Bxf6 Bxf6 8.
Bc4 Bd7 9. O-O Nc6 10. Nxc6 Bxc6 11. Bd5 Bxd5 12. Qxd5 c6 13. Qd3 Be5 14. Rfe1
Qh4 15. Qh3 Qxh3 16. gxh3 f5 17. Kh1 f4 18. f3 Rf6 19. Rg1 Rh6 20. Rg4 Rxh3 21.
Rag1 Rxf3 22. h4 Rf2 23. R4g2 Rxg2 24. Rxg2 Rf8 25. h5 Rf6 26. Rg5 f3 27. Rf5
f2 28. Kg2 f1=Q+ 29. Kxf1 Rxf5+ 30. exf5 Bxc3 31. bxc3 Kf7 32. Ke2 Kf6 33. Kd3
Kxf5 34. Kd4 g6 35. hxg6 hxg6 36. c4 g5 37. Ke3 g4 38. Kf2 Kf4 39. Kg2 g3 40.
a4 a5 41. c3 b6 42. Kf1 Kf3 43. Kg1 g2 44. c5 bxc5 45. c4 d5 46. cxd5 cxd5 0-1

[Event "Tournoi Skype 013B"]
[Site "Skype"]
[Date "????.??.??"]
[Round "6.11"]
[White "Raheja, Shiv"]
[Black "Douichi, Mohammed"]
[Result "1-0"]
[WhiteElo "1395"]
[BlackElo "1399"]
[PlyCount "33"]

1. e4 e5 2. Bc4 Qh4 3. Qf3 d6 4. Qxf7+ Kd8 5. Qxf8+ Kd7 6. Qxg7+ Ne7 7. Qxh8
Qxe4+ 8. Be2 Qxc2 9. Bg4+ Kc6 10. Qe8+ Bd7 11. Bxd7+ Kb6 12. Nc3 a6 13. Na4+
Ka7 14. d3 Nxd7 15. Qxd7 Nc6 16. Be3+ b6 17. Qxc7# 1-0

[Event "Tournoi Skype 013B"]
[Site "Skype"]
[Date "????.??.??"]
[Round "6.12"]
[White "Karia, Kirti"]
[Black "Yeter, Orhan"]
[Result "0-1"]
[WhiteElo "1399"]
[BlackElo "1343"]
[PlyCount "42"]

1. e4 c5 2. Nc3 Nc6 3. Bb5 Qc7 4. Nd5 Qa5 5. Bc4 b5 6. Be2 e6 7. Bxb5 exd5 8.
exd5 Qxb5 9. dxc6 Qxc6 10. Nf3 d6 11. O-O Bg4 12. Re1+ Be7 13. h3 Bxf3 14. Qxf3
Qxf3 15. gxf3 Nh6 16. d3 Nf5 17. Bf4 Kd7 18. c3 g5 19. Bg3 h5 20. b4 h4 21. Bh2
Bf6 0-1

[Event "Tournoi Skype 013B"]
[Site "Skype"]
[Date "????.??.??"]
[Round "6.13"]
[White "Kayali, Furkan"]
[Black "Vello, Pablo"]
[Result "0-1"]
[WhiteElo "1399"]
[BlackElo "1279"]
[PlyCount "32"]

1. d4 Nf6 2. d5 d6 3. Nc3 e6 4. e4 Qe7 5. Bg5 Nbd7 6. Bb5 h6 7. Bh4 g5 8. Bg3
exd5 9. Nxd5 Qxe4+ 10. Ne3 a6 11. Bd3 Qb4+ 12. c3 Qxb2 13. Qc1 Qxc1+ 14. Rxc1
Nc5 15. Bf5 Bxf5 16. Rb1 Bxb1 0-1

[Event "Tournoi Skype 013B"]
[Site "Skype"]
[Date "????.??.??"]
[Round "6.14"]
[White "Gharbi, Said"]
[Black "Mantelli, Luca"]
[Result "1-0"]
[WhiteElo "1322"]
[BlackElo "1399"]
[PlyCount "59"]

1. e4 e5 2. d4 exd4 3. c3 dxc3 4. Bc4 cxb2 5. Bxb2 d5 6. Bxd5 Nf6 7. Bxf7+ Kxf7
8. Qxd8 Bb4+ 9. Qd2 Bxd2+ 10. Nxd2 Re8 11. Bxf6 Kxf6 12. Ngf3 Bf5 13. e5+ Kf7
14. O-O Nc6 15. Rac1 Rac8 16. Rc5 Re6 17. Ng5+ Ke7 18. Nxe6 Bxe6 19. a4 Nb4 20.
Rb5 Nd3 21. Rxb7 Nxe5 22. Rxa7 Nc6 23. Rb7 Kd7 24. Ne4 Ra8 25. Nc5+ Kc8 26.
Rfb1 Bf5 27. R1b2 Ra5 28. R7b5 Ra7 29. Re2 Nd4 30. Re8# 1-0

[Event "Tournoi Skype 013B"]
[Site "Skype"]
[Date "????.??.??"]
[Round "6.15"]
[White "Vitale, Maxi"]
[Black "Vincent, Andre"]
[Result "0-1"]
[WhiteElo "1399"]
[BlackElo "1343"]
[PlyCount "104"]

1. e4 e5 2. Bc4 Nf6 3. Nc3 Be7 4. Nf3 Nc6 5. Ng5 O-O 6. Nxf7 Rxf7 7. Bxf7+ Kxf7
8. O-O d6 9. h3 Be6 10. d3 a6 11. a3 b5 12. b4 d5 13. exd5 Nxd5 14. Qf3+ Kg8
15. Ne4 Nd4 16. Qg3 Bf6 17. Nxf6+ Qxf6 18. Re1 Nxc2 19. Bg5 Qg6 20. Rad1 Nxe1
21. Rxe1 h6 22. Bh4 Qxg3 23. Bxg3 c6 24. Bxe5 Re8 25. d4 Bf7 26. Kf1 Nc3 27.
Re3 Nd1 28. Re1 Bc4+ 29. Kg1 Nc3 30. Re3 Nd5 31. Re1 Nf4 32. Kh2 Bd5 33. f3 Nd3
34. Rf1 Nxe5 35. dxe5 Rxe5 36. f4 Re2 37. Rg1 Ra2 38. Kg3 Rxa3+ 39. Kh4 Rb3 40.
g4 Rxb4 41. Kg3 a5 42. Rf1 a4 43. h4 Rb3+ 44. Kh2 b4 45. g5 Rb2+ 46. Kg3 h5 47.
f5 a3 48. f6 g6 49. Kf4 Re2 50. Rb1 b3 51. Ra1 a2 52. Rd1 b2 0-1

[Event "Tournoi Skype 013B"]
[Site "Skype"]
[Date "????.??.??"]
[Round "6.16"]
[White "Capdeville, Jean"]
[Black "Battaglia, Gabriele"]
[Result "1/2-1/2"]
[WhiteElo "1384"]
[BlackElo "1246"]
[PlyCount "103"]

1. e4 d6 2. d4 Nf6 3. Nc3 h6 4. Bb5+ Bd7 5. Bxd7+ Nbxd7 6. Nf3 e6 7. h3 Be7 8.
O-O O-O 9. Bf4 c5 10. d5 e5 11. Be3 a6 12. a4 b5 13. axb5 axb5 14. Rxa8 Qxa8
15. Qa1 b4 16. Nb5 Qb7 17. c4 bxc3 18. Nxc3 Nb6 19. b3 Nbd7 20. Qb2 Ra8 21. Rb1
Rb8 22. Nd2 Ne8 23. f3 Nc7 24. Bf2 Nb5 25. Nxb5 Qxb5 26. Nc4 Nb6 27. Nxb6 Qxb6
28. g3 Qb5 29. Be1 c4 30. b4 Bd8 31. Bc3 Bb6+ 32. Kg2 Rc8 33. g4 g5 34. Kg3 Kg7
35. h4 f6 36. h5 Rc7 37. Ra1 Ra7 38. Rxa7+ Bxa7 39. Qa3 Bb8 40. Qa5 Qxa5 41.
bxa5 Ba7 42. Bb4 Bb8 43. a6 Kf7 44. Ba5 Ke8 45. Kf2 Kd7 46. Ke2 Kc8 47. Kd2 Bc7
48. Bxc7 Kxc7 49. Kc3 Kb6 50. a7 Kxa7 51. Kxc4 Kb7 52. Kb5 1/2-1/2

[Event "Tournoi Skype 013B"]
[Site "Skype"]
[Date "????.??.??"]
[Round "6.17"]
[White "Martin, Jean-Claude"]
[Black "Ruiz Gomez, Luz Alba"]
[Result "1-0"]
[WhiteElo "1375"]
[BlackElo "1193"]
[PlyCount "69"]

1. d4 d5 2. c4 e6 3. Nc3 Nf6 4. Bg5 Nbd7 5. e3 Bb4 6. Bd3 O-O 7. Nf3 c6 8. O-O
Qa5 9. Qc2 g6 10. Bxf6 Nxf6 11. cxd5 exd5 12. h3 Bd6 13. Rfe1 Re8 14. a3 Bd7
15. b4 Qd8 16. Na4 b6 17. e4 dxe4 18. Bxe4 Nxe4 19. Rxe4 Bf5 20. Rxe8+ Qxe8 21.
Qc3 Rc8 22. Re1 Qd7 23. Ne5 Qc7 24. Qf3 Bxe5 25. Rxe5 f6 26. Re2 Rd8 27. g4 Be6
28. Rxe6 f5 29. Rxc6 Qd7 30. Qb3+ Kg7 31. d5 fxg4 32. Qc3+ Kh6 33. Rc7 Qxd5 34.
Qe3+ Kh5 35. Rxh7# 1-0

[Event "Tournoi Skype 013B"]
[Site "Skype"]
[Date "????.??.??"]
[Round "6.18"]
[White "Martin, Elise"]
[Black "Farthouat, Titoine"]
[Result "0-1"]
[WhiteElo "1206"]
[BlackElo "1211"]
[PlyCount "48"]

1. e4 e6 2. d3 d5 3. Nc3 Bb4 4. Bd2 Nf6 5. Nf3 Bxc3 6. Bxc3 dxe4 7. Ne5 exd3 8.
Bxd3 O-O 9. Qf3 Nc6 10. O-O-O Qd5 11. Qxd5 exd5 12. Kb1 Ng4 13. f4 Nf2 14. Rhe1
Nxd1 15. Rxd1 Re8 16. Nf3 Bg4 17. h3 Bxf3 18. gxf3 Re3 19. Rg1 d4 20. Bb4 Nxb4
21. Bc4 Rf8 22. f5 Rfe8 23. a3 Re1+ 24. Rxe1 Rxe1# 0-1

[Event "Tournoi Skype 013B"]
[Site "Skype"]
[Date "????.??.??"]
[Round "6.19"]
[White "Porcabeuf, Jean-Marc"]
[Black "Ryan, Lea"]
[Result "0-1"]
[WhiteElo "1332"]
[BlackElo "1438"]
[PlyCount "52"]

1. e4 e5 2. Nf3 Nc6 3. Bb5 a6 4. Ba4 Nf6 5. d3 d6 6. O-O Be7 7. h3 O-O 8. c3 d5
9. exd5 Nxd5 10. Bc2 Re8 11. Re1 Bd6 12. Nbd2 Qe7 13. Ne4 f5 14. Ng3 e4 15.
dxe4 fxe4 16. Nxe4 Be6 17. Bg5 Qd7 18. Qd3 h6 19. Bh4 Nf4 20. Nf6+ gxf6 21.
Qg6+ Nxg6 22. Bxg6 Re7 23. Re4 Bxh3 24. Rxe7 Bxe7 25. Re1 Qg4 26. Rxe7 Qxg2#
0-1

[Event "Tournoi Skype 013B"]
[Site "Skype"]
[Date "????.??.??"]
[Round "6.20"]
[White "Bustos, Ricardo"]
[Black "Lecluyse, Koenraad"]
[Result "0-1"]
[WhiteElo "1399"]
[BlackElo "1173"]
[PlyCount "70"]

1. d4 d5 2. c4 Nf6 3. Nc3 e6 4. Bg5 Bb4 5. Nf3 Nbd7 6. e3 O-O 7. Be2 b6 8. O-O
c5 9. cxd5 Bxc3 10. bxc3 exd5 11. Qc2 Qe7 12. Bd3 g6 13. c4 Bb7 14. cxd5 Bxd5
15. e4 Bb7 16. d5 Qe8 17. Rfe1 Nh5 18. Rac1 f6 19. Bh6 Rf7 20. g4 Nf4 21. Bxf4
Rc8 22. a4 Qd8 23. Bb5 a6 24. Bf1 a5 25. Bb5 Qe7 26. Bxd7 Qxd7 27. Qb2 Qd8 28.
Rc2 Ba8 29. Rec1 Qe7 30. Qxb6 Qxe4 31. Rxc5 Rxc5 32. Qb8+ Kg7 33. Rxc5 Bxd5 34.
Rc8 Re7 35. Bd6 Qxf3 0-1

[Event "Tournoi Skype 013B"]
[Site "Skype"]
[Date "????.??.??"]
[Round "6.21"]
[White "Armingaud, Jean-Claude"]
[Black "Rugman, Dan"]
[Result "0-1"]
[WhiteElo "1150"]
[BlackElo "1367"]
[PlyCount "58"]

1. e4 c5 2. Nf3 d6 3. d4 cxd4 4. Nxd4 a6 5. Bc4 e6 6. O-O Nf6 7. Nc3 b5 8. Bd3
Bb7 9. Re1 e5 10. Nf5 Nc6 11. Bg5 Be7 12. Nxg7+ Kf8 13. Nf5 Nd4 14. Nxe7 Qxe7
15. Ne2 Rg8 16. Bh6+ Ke8 17. c3 Ne6 18. Ng3 Ng4 19. Nf5 Qf6 20. Nxd6+ Kd7 21.
Nxb7 Qh4 22. h3 Nxh6 23. Qf3 Rxg2+ 24. Qxg2 Rg8 25. Re3 Rxg2+ 26. Kxg2 Nf4+ 27.
Kh1 Qxf2 28. Nc5+ Kc6 29. Nxa6 Qg2# 0-1

[Event "Tournoi Skype 013B"]
[Site "Skype"]
[Date "????.??.??"]
[Round "6.22"]
[White "Baker, Abi"]
[Black "Ouellet, Emile"]
[Result "0-1"]
[WhiteElo "1118"]
[BlackElo "1314"]
[PlyCount "93"]

1. c4 e5 2. Nc3 Nf6 3. g3 c6 4. Bg2 Bc5 5. e3 O-O 6. a3 a5 7. Qc2 d5 8. b3 Re8
9. Nge2 d4 10. Ne4 d3 11. Nxf6+ Qxf6 12. Qxd3 e4 13. Bxe4 Qxa1 14. Bxh7+ Kh8
15. h4 g6 16. Qc3+ Qxc3 17. Nxc3 Kg7 18. f3 Nd7 19. g4 Ne5 20. Kf2 Nd3+ 21. Kg2
Nxc1 22. Rxc1 Bxa3 23. Rh1 Kxh7 24. e4 Rd8 25. Nb1 Bc1 26. Rxc1 Rd3 27. Rc3
Rxc3 28. Nxc3 Be6 29. e5 Rd8 30. Ne4 Rd3 31. Kf2 Rxb3 32. c5 a4 33. h5 gxh5 34.
gxh5 a3 35. Nc3 Rb2 36. f4 Bg4 37. Kg3 Bxh5 38. f5 Rxd2 39. Nb1 a2 40. Nxd2
a1=Q 41. Nb3 Qc3+ 42. Kh4 Qxe5 43. Kxh5 Qxf5+ 44. Kh4 Kg6 45. Nd4 Qf4+ 46. Kh3
Qxd4 47. Kg2 0-1

[Event "Tournoi Skype 013B"]
[Site "Skype"]
[Date "????.??.??"]
[Round "6.23"]
[White "Prasad, Sanjay"]
[Black "Bilsel, Sebahittin"]
[Result "0-1"]
[WhiteElo "1312"]
[BlackElo "1150"]
[PlyCount "52"]

1. c4 e5 2. e4 Nf6 3. d3 Bc5 4. h3 d6 5. Nf3 Nc6 6. Nc3 O-O 7. Be2 h6 8. Na4
Bb6 9. a3 Ba5+ 10. b4 Bb6 11. Nxb6 axb6 12. Bb2 Ne7 13. O-O c5 14. b5 Ng6 15.
Bc1 Be6 16. a4 Qd7 17. Nh2 Bxh3 18. gxh3 Qxh3 19. Ng4 Nh4 20. Nxf6+ gxf6 21.
Bf3 Nxf3+ 22. Qxf3 Qxf3 23. Be3 Kh8 24. Rfd1 Rg8+ 25. Kf1 Rg3 26. Rd2 Rag8 0-1

[Event "Tournoi Skype 013B"]
[Site "Skype"]
[Date "????.??.??"]
[Round "6.24"]
[White "Vervoort, Jean-Louis"]
[Black "Lemoine, Gerard"]
[Result "1-0"]
[WhiteElo "1262"]
[BlackElo "1077"]
[PlyCount "70"]

1. d4 d5 2. c4 e6 3. Nf3 Nd7 4. Nc3 c6 5. Bg5 Be7 6. Bxe7 Qxe7 7. a3 a5 8. e3
b6 9. b3 Ngf6 10. Bd3 Ba6 11. O-O h6 12. Qc2 Qd6 13. h3 Qc7 14. a4 O-O 15. Rab1
Rfc8 16. Rb2 Bb7 17. Rfb1 c5 18. Nd2 Qd6 19. Nb5 Qc6 20. dxc5 Nxc5 21. Nc3 Nxd3
22. Qxd3 Ba6 23. Rc2 dxc4 24. bxc4 Bxc4 25. Nxc4 Qxc4 26. Qd1 Rd8 27. Qc1 Qd3
28. Rxb6 Ra6 29. Rb5 Rad6 30. Kh2 Nd5 31. Rb3 Nb4 32. Rcb2 Qf5 33. g4 Qe5+ 34.
Kg2 Nd3 35. Qc2 Nxb2 1-0

[Event "Tournoi Skype 013B"]
[Site "Skype"]
[Date "????.??.??"]
[Round "6.25"]
[White "Talbot, Jean"]
[Black "Cengiz, Cem"]
[Result "1/2-1/2"]
[WhiteElo "1009"]
[BlackElo "1242"]
[PlyCount "97"]

1. e4 e5 2. Nf3 Nc6 3. Bc4 Nf6 4. d3 Bc5 5. O-O O-O 6. Be3 Bb6 7. Re1 d6 8. Nc3
Be6 9. Bxe6 fxe6 10. Bxb6 axb6 11. Ng5 Qe7 12. Nb5 Rac8 13. c3 h6 14. Nf3 d5
15. exd5 exd5 16. Nxe5 Nxe5 17. d4 Ne4 18. dxe5 Rxf2 19. Qxd5+ Qf7 20. Qxf7+
Kxf7 21. Rxe4 Rxb2 22. e6+ Ke7 23. Rd1 Rxb5 24. Rd7+ Ke8 25. Rf4 Rb1+ 26. Kf2
Rb2+ 27. Kg3 Rd8 28. Rff7 Rxd7 29. exd7+ Kd8 30. Rxg7 Rd2 31. Kf4 Rxd7 32.
Rxd7+ Kxd7 33. Ke5 c5 34. Kd5 Kc7 35. c4 Kd7 36. a4 Ke7 37. Ke5 Kf7 38. g4 Kg6
39. Kf4 Kf6 40. h4 Kg6 41. h5+ Kg7 42. Kf5 b5 43. axb5 b6 44. g5 hxg5 45. Kxg5
Kh7 46. h6 Kh8 47. Kg6 Kg8 48. h7+ Kh8 49. Kh6 1/2-1/2

[Event "Tournoi Skype 013B"]
[Site "Skype"]
[Date "????.??.??"]
[Round "6.26"]
[White "Alverson, Ginny"]
[Black "Rival, Jocelyn"]
[Result "1-0"]
[WhiteElo "1222"]
[BlackElo "1071"]
[PlyCount "37"]

1. Nf3 Nc6 2. d4 d5 3. e3 Bg4 4. Be2 Nf6 5. O-O e5 6. dxe5 Bb4 7. exf6 Qxf6 8.
Qxd5 Nd8 9. Qe4+ Be7 10. Qxg4 Rg8 11. Nbd2 g6 12. Ne4 Qg7 13. Neg5 Bxg5 14.
Nxg5 Ne6 15. Nxe6 fxe6 16. Qxe6+ Kd8 17. Qd5+ Qd7 18. Qxg8+ Qe8 19. Qxh7 1-0

[Event "Tournoi Skype 013B"]
[Site "Skype"]
[Date "????.??.??"]
[Round "6.27"]
[White "Amato, Ludovica"]
[Black "Coude, Josue"]
[Result "1/2-1/2"]
[WhiteElo "1199"]
[BlackElo "1066"]
[PlyCount "53"]

1. Nf3 d5 2. g3 Nf6 3. Bg2 Bf5 4. O-O e6 5. d3 Bc5 6. Nbd2 O-O 7. Re1 Ng4 8. e4
Bxf2+ 9. Kf1 Bxe1 10. Qxe1 Bg6 11. exd5 Qxd5 12. Nc4 Nc6 13. Bf4 e5 14. Ncxe5
Ngxe5 15. Nxe5 Nxe5 16. Bxe5 Qd7 17. Bxb7 Rab8 18. Bg2 f6 19. Bf4 Rxb2 20. c4
Qxd3+ 21. Kg1 Be4 22. Bxe4 Qd4+ 23. Kf1 c5 24. Bd5+ Kh8 25. Qe7 Rbb8 26. Re1
Rfe8 27. Qxa7 1/2-1/2

[Event "Tournoi Skype 013B"]
[Site "Skype"]
[Date "????.??.??"]
[Round "6.28"]
[White "Melin, Christiane"]
[Black "Lequeux, Pierre"]
[Result "0-1"]
[WhiteElo "1236"]
[BlackElo "1232"]
[PlyCount "94"]

1. e4 e5 2. Nf3 Nc6 3. Nc3 d6 4. Bc4 Bg4 5. O-O Nf6 6. h3 Bxf3 7. gxf3 g6 8. d3
h6 9. Be3 b6 10. d4 exd4 11. Ne2 d5 12. exd5 dxe3 13. fxe3 Na5 14. Bb5+ c6 15.
dxc6 Qd5 16. Nc3 Qxd1 17. Raxd1 Bb4 18. c7+ Ke7 19. Nd5+ Nxd5 20. Rxd5 a6 21.
Re5+ Kf6 22. Re4 axb5 23. Rxb4 Rhc8 24. Rxb5 Rxc7 25. Rxb6+ Kg7 26. Rd1 Nc4 27.
b3 Nxb6 28. a4 Rxc2 29. Rd6 Nc8 30. Rd7 Ra2 31. b4 R2xa4 32. b5 Ra1+ 33. Kf2
R8a2+ 34. Kg3 Nb6 35. Rd6 Nc4 36. Rd4 Nxe3 37. b6 Nf1+ 38. Kf4 Ra4 39. Ke4
Rxd4+ 40. Kxd4 Rb1 41. Kc5 Ne3 42. Kc6 Rc1+ 43. Kb5 Nd5 44. b7 Rb1+ 45. Ka6
Nc7+ 46. Ka7 Rxb7+ 47. Kxb7 Ne6 0-1

[Event "Tournoi Skype 013B"]
[Site "Skype"]
[Date "????.??.??"]
[Round "6.30"]
[White "Gagnon, Sindy"]
[Black "Kruk, Clementine"]
[Result "1-0"]
[WhiteElo "1000"]
[BlackElo "1199"]
[PlyCount "43"]

1. d4 d5 2. Nf3 Nf6 3. e3 Nc6 4. Bd3 Bg4 5. O-O e6 6. c3 Bd6 7. Qc2 Qe7 8. Nbd2
Bxf3 9. Nxf3 Ng4 10. h3 Bh2+ 11. Kh1 Bg3 12. hxg4 Bd6 13. e4 dxe4 14. Bxe4 h6
15. Rd1 O-O-O 16. d5 exd5 17. Bxd5 Ne5 18. Qb3 b6 19. Qa4 Kb8 20. Qa6 c6 21.
Bxc6 Kc7 22. Qb7# 1-0

[Event "Tournoi Skype 013B"]
[Site "Skype"]
[Date "????.??.??"]
[Round "6.32"]
[White "Marty, Yvette"]
[Black "Paquay, Renaud"]
[Result "0-1"]
[WhiteElo "1000"]
[BlackElo "1177"]
[PlyCount "24"]

1. e4 c6 2. Nc3 d5 3. e5 Bf5 4. d4 e6 5. a3 c5 6. Nf3 Nc6 7. Bb5 Qb6 8. Be2
cxd4 9. Nxd4 Nxd4 10. Bf1 Nxc2+ 11. Kd2 Qd4+ 12. Bd3 Qxd3# 0-1

[Event "Tournoi Skype 013B"]
[Site "Skype"]
[Date "????.??.??"]
[Round "6.33"]
[White "Letourneau, Judith"]
[Black "Wible, Annie"]
[Result "0-1"]
[WhiteElo "1000"]
[BlackElo "1199"]
[PlyCount "72"]

1. e4 e6 2. d4 d5 3. Nc3 f5 4. Bb5+ Bd7 5. Nge2 fxe4 6. a4 Nc6 7. Nxe4 dxe4 8.
O-O Be7 9. Bd2 Nf6 10. Bg5 a6 11. c4 O-O 12. Nf4 Nb4 13. Qd2 Nbd5 14. cxd5 c6
15. dxc6 bxc6 16. Rfe1 cxb5 17. axb5 Bxb5 18. Rac1 Qd7 19. d5 e5 20. Nh3 Nxd5
21. f4 Rfc8 22. Rxc8+ Rxc8 23. f5 Qd8 24. Rxe4 Bxg5 25. Qe2 Bxe2 26. Rxe2 g6
27. b3 gxf5 28. Nf2 Rb8 29. Rb2 f4 30. Nd3 e4 31. Nc5 Ra8 32. b4 a5 33. bxa5
Rxa5 34. Nb3 Qb6+ 35. Kf1 Ra1+ 36. Ke2 Qe3# 0-1

[Event "Tournoi Skype 013B"]
[Site "Skype"]
[Date "????.??.??"]
[Round "7.1"]
[White "Maneval, Dustin"]
[Black "Duthoit, Bernard"]
[Result "1-0"]
[WhiteElo "1436"]
[BlackElo "1428"]
[PlyCount "88"]

1. e4 e6 2. f4 d5 3. e5 c5 4. b3 Nc6 5. Nf3 Nge7 6. d4 Ng6 7. g3 cxd4 8. Nxd4
Nxd4 9. Qxd4 b6 10. Ba3 Bxa3 11. Nxa3 O-O 12. Bd3 Bd7 13. Nb5 Bxb5 14. Bxb5 a6
15. Bd3 b5 16. Ke2 Rb8 17. h4 Qb6 18. Ke3 Qxd4+ 19. Kxd4 Rbc8 20. h5 Ne7 21. g4
h6 22. a4 Nc6+ 23. Ke3 Nb4 24. Rh2 Nxd3 25. Kxd3 b4 26. a5 Rc3+ 27. Kd4 f6 28.
Ra4 fxe5+ 29. Kxe5 Re3+ 30. Kd6 Rxf4 31. Rg2 Kf7 32. g5 Rh4 33. Rf2+ Ke8 34.
gxh6 gxh6 35. Rf6 Rxh5 36. Rxe6+ Rxe6+ 37. Kxe6 Rh4 38. Kxd5 Kd7 39. Kc5 Rh5+
40. Kb6 Rh2 41. Kxa6 Rxc2 42. Rxb4 Rc6+ 43. Rb6 Rxb6+ 44. axb6 h5 1-0

[Event "Tournoi Skype 013B"]
[Site "Skype"]
[Date "????.??.??"]
[Round "7.2"]
[White "Ali, Mohammad"]
[Black "Hernandez, George"]
[Result "1-0"]
[WhiteElo "1399"]
[BlackElo "1399"]
[PlyCount "67"]

1. e4 e5 2. Bc4 Nf6 3. Nf3 Nc6 4. Ng5 d5 5. Bb3 Nd4 6. Nc3 Nxb3 7. axb3 c6 8.
d4 Nxe4 9. Ncxe4 dxe4 10. c3 Bf5 11. O-O Be7 12. h4 h6 13. Nxf7 Kxf7 14. Be3
Qc7 15. f3 Ke8 16. fxe4 Bxe4 17. Qg4 Rf8 18. Qxe4 Rxf1+ 19. Rxf1 Rd8 20. Qg6+
Kd7 21. Qxg7 Kc8 22. Qxe5 Bd6 23. Qe6+ Kb8 24. Qxh6 Bh2+ 25. Kh1 Re8 26. Rf8
Qe7 27. Rxe8+ Qxe8 28. Bf4+ Bxf4 29. Qxf4+ Ka8 30. h5 Qxh5+ 31. Qh2 Qe8 32. Qe5
Qd7 33. Qh8+ Qc8 34. Qxc8# 1-0

[Event "Tournoi Skype 013B"]
[Site "Skype"]
[Date "????.??.??"]
[Round "7.3"]
[White "Kruzeniski, Randy"]
[Black "Yardimci, Ertan"]
[Result "0-1"]
[WhiteElo "1437"]
[BlackElo "1300"]
[PlyCount "106"]

1. e4 e5 2. Nf3 Nc6 3. d3 Nf6 4. g3 Bc5 5. h3 O-O 6. Bg2 d6 7. O-O h6 8. a3 a5
9. Nc3 Bd7 10. Bd2 Be6 11. Nb5 Qc8 12. Kh2 Bb6 13. c4 Nd4 14. Nbxd4 exd4 15. b4
axb4 16. axb4 c5 17. b5 Bc7 18. Qe1 Rxa1 19. Qxa1 Qa8 20. Qxa8 Rxa8 21. Re1 Nd7
22. Re2 Ra3 23. Ne1 Ne5 24. Bc1 Rc3 25. Bb2 Rb3 26. Rd2 Ba5 27. Bc1 Bxd2 28.
Bxd2 Nxd3 29. Nxd3 Rxd3 30. Bf4 Bxc4 31. b6 Rb3 32. Bxd6 Rxb6 33. Bxc5 Re6 34.
f3 d3 35. Bf1 b6 36. Bb4 Re8 37. Bd2 b5 38. Kg2 Ra8 39. Kf2 Ra1 40. Be1 Rd1 41.
Bc3 Rc1 42. Bd2 Rd1 43. Bc3 f6 44. h4 Kf7 45. f4 d2 46. Bxc4+ bxc4 47. e5 fxe5
48. f5 Kf6 49. g4 Rc1 50. Bxd2 Rc2 51. Ke1 Ra2 52. Kd1 Ra1+ 53. Kc2 Rg1 0-1

[Event "Tournoi Skype 013B"]
[Site "Skype"]
[Date "????.??.??"]
[Round "7.4"]
[White "De Coninck, Philippe"]
[Black "Cossalter, Maurizio"]
[Result "1/2-1/2"]
[WhiteElo "1419"]
[BlackElo "1382"]
[PlyCount "71"]

1. e4 c5 2. Nf3 Nc6 3. d4 cxd4 4. Nxd4 e5 5. Nf3 Nf6 6. Nc3 a6 7. Be2 Be7 8.
O-O O-O 9. Be3 b5 10. a3 Bb7 11. Bg5 d6 12. Bxf6 Bxf6 13. Qd2 Rc8 14. Rad1 Ne7
15. Qxd6 Qxd6 16. Rxd6 Rfd8 17. Rfd1 Rxd6 18. Rxd6 h6 19. Rd7 Rb8 20. Nxe5 Bxe5
21. Rxe7 Bxc3 22. bxc3 Kf8 23. Rc7 Bxe4 24. Bd3 Rd8 25. Kf1 Bxd3+ 26. cxd3 Rxd3
27. Ke2 Rd6 28. c4 bxc4 29. Rxc4 Ke7 30. a4 g6 31. a5 f5 32. Ke3 g5 33. Rc5 Ke6
34. f4 Kf6 35. h3 Re6+ 36. Kf3 1/2-1/2